| Tag |
First Indicator |
Second Indicator |
Subfields |
| LEADER |
00000cam a22000001a 4500 |
| 001 |
in00003381721 |
| 006 |
m d f |
| 007 |
cr bn mmmapmmp |
| 008 |
100717s1998 dcu o f000 0 eng d |
| 005 |
20260430152222.4 |
| 035 |
|
|
|a cis2007892918
|
| 040 |
|
|
|a ProQuest
|c ProQuest
|d UtOrBLW
|
| 043 |
|
|
|a n-us---
|
| 099 |
|
|
|a CRS-1998-FND-0097
|
| 110 |
2 |
|
|a Library of Congress.
|b Congressional Research Service.
|
| 245 |
1 |
0 |
|a Jerusalem :
|b Legislation to Move the U.S. Embassy.
|
| 264 |
|
1 |
|a [Place of publication not identified] :
|b [publisher not identified],
|c 1998.
|
| 300 |
|
|
|a 1 online resource.
|
| 336 |
|
|
|a text
|b txt
|2 rdacontent
|
| 337 |
|
|
|a computer
|b c
|2 rdamedia
|
| 338 |
|
|
|a online resource
|b cr
|2 rdacarrier
|
| 500 |
|
|
|a Record is based on bibliographic data in ProQuest U.S. Congressional Research Digital Collection (last viewed July 2010). Reuse except for individual research requires license from ProQuest, LLC.
|
| 500 |
|
|
|a CRS Report.
|
| 520 |
|
|
|a Describes recent legislation on moving the U.S. Embassy in Israel from Tel Aviv to Jerusalem and examines U.S. policy toward Jerusalem, differing opinions on whether Congress or the Executive Branch has authority over the embassy, and problems in moving the embassy.
|
| 500 |
|
|
|a Electronic resource.
|
| 650 |
|
0 |
|a Executive-legislative relations.
|
| 650 |
|
0 |
|a Diplomatic and consular service.
|
| 651 |
|
0 |
|a Israel.
|
| 655 |
|
7 |
|a Electronic books.
|2 local
|
| 710 |
2 |
|
|a ProQuest (Firm)
|
| 776 |
0 |
8 |
|i Microfiche version:
|a Library of Congress. Congressional Research Service.
|t Jerusalem
|
| 830 |
|
0 |
|a U.S. Congressional Research.
|
| 856 |
4 |
0 |
|u http://proxy.library.tamu.edu/login?url=https://congressional.proquest.com/congcomp/getdoc?CRDC-ID=CRS-1998-FND-0097
|z Connect to the full text of this electronic book
|t 0
|
| 999 |
|
|
|a MARS
|
| 999 |
f |
f |
|s 75d676c5-19f2-354c-9e32-a0449d6257fa
|i 6a138d87-0590-386e-b7af-a24e9cba2fdd
|t 0
|
| 952 |
f |
f |
|a Texas A&M University
|b College Station
|c Electronic Resources
|s www_evans
|d Available Online
|t 0
|e CRS-1998-FND-0097
|h Other scheme
|
| 998 |
f |
f |
|a CRS-1998-FND-0097
|t 0
|l Available Online
|